La defensa contra incendios forestales: fundamentos y experiencias
Salvato in:
| Autore principale: | |
|---|---|
| Natura: | Libro |
| Lingua: | spagnolo |
| Pubblicazione: |
Madrid
McGraw-Hill Interamericana
2000
|
| Soggetti: | |
| Tags: |
Aggiungi Tag
Nessun Tag, puoi essere il primo ad aggiungerne!!
|
MARC
| LEADER | 00000nam a2200000 a 4500 | ||
|---|---|---|---|
| 001 | UCL2787 | ||
| 003 | CL-VaPUC | ||
| 008 | 031107e20000000SP |||||||||||||||||spa|d | ||
| 020 | |a 8448127420 | ||
| 082 | 0 | 4 | |a 363.37 |b VEL |2 21 |
| 100 | 0 | |a Vélez Muñoz, Ricardo |e author |9 479904 | |
| 245 | 1 | 3 | |a La defensa contra incendios forestales: fundamentos y experiencias |
| 300 | |a pág. irreg | ||
| 942 | |c BK | ||
| 945 | |d 20031107 00:00:00 |a cmena | ||
| 260 | |a Madrid |b McGraw-Hill Interamericana |c 2000 | ||
| 650 | 0 | |a Incendios forestales |9 320249 | |
| 650 | 0 | |a Prevención de riesgos |9 387495 | |
| 583 | |a last modification |c 20031107 00:00:00 |k Rodrigo Vera | ||
| 999 | |c 305979 |d 305977 | ||
| 952 | |0 0 |1 0 |4 0 |6 363_370000000000000_VEL_2000 |7 0 |8 A |9 370595 |a BIBING |b BIBING |d 2019-11-21 |i 3960536 |l 1 |m 2 |o 363.37 VEL 2000 |p 3960536 |r 2025-01-20 |s 2023-03-13 |w 2019-11-21 |y BK |k CCL | ||